Modern countries by former flag - Statistics

General Stats
  • This quiz has been taken 54 times
  • The average score is 16 of 20
Answer Stats
Picture Answer % Correct
United States
100%
France
98%
China
94%
Germany
94%
United Kingdom
94%
Russia
91%
Spain
91%
Brazil
87%
South Africa
87%
Iran
85%
Australia
81%
Ethiopia
81%
Canada
79%
India
79%
Argentina
77%
Austria
70%
Peru
64%
Egypt
49%
Myanmar
49%
Malaysia
23%
No matching quizzes found
Score Distribution
Percent of People with Each Score
Percentile by Number Answered
Your Score History
You have not taken this quiz